000 00462nam a2200157 4500
001 148704
003 ES-MaACL
005 20230906202753.0
007 t|
008 070214s1916 fr r ||||1| fre d
100 1 _aSuarès, André.
_9108534
245 1 0 _aCervantès /
_cAndré Suarès [seud. de Felix André Ives Scantrel].
260 _aParis :
_bEmile-Paul Frères,
_c1916 (
_fChaix)
300 _a4 h., 121 p., 2 h. ;
_c19 cm.
852 _aES-MaACL
_jD-3473
999 _c148704
_d148704